Statistics for Countries with a "W" in their name

Click here to take the quiz!

General Stats

  • This quiz has been taken 70 times
  • The average score is 7 of 12

Answer Stats

HintAnswer% Correct
9Sweden
80%
10Switzerland
76%
2Eswatini
71%
5New Zealand
69%
8Rwanda
61%
12Zimbabwe
61%
6Norway
56%
4Malawi
54%
1Botswana
53%
11Taiwan
47%
7Papua New Guinea
39%
3Kuwait
32%

Score Distribution

Percentile by Number Answered

Percent of People with Each Score

Your Score History

You have not taken this quiz